000 00329 a2200133 4500
000 nam a22 7a 4500
100 _a Sukhadeo Thorat
110 _a Sukhadeo Thorat
245 _aBridging the Social Gap: Perspectives on Dalit Empowerment
250 _alatest edition
260 _bSage
264 _bSage
942 _cBK
999 _c396491
_d396491